000 00909cam a22002651 4500
001 2642420
003 ARRUPE
005 20131004115925.0
008 731212s1967 inu b 000 0 eng
010 _a 66023537
040 _aDLC
_cDLC
_dDLC
043 _an-us---
050 0 0 _aBR520
_b.H39
100 1 _aHeimert, Alan,
_ecomp.
_92099
245 1 4 _aThe Great Awakening: documents illustrating the crisis and its consequences,
_cedited by Alan Heimert and Perry Miller.
260 _aIndianapolis,
_bBobbs-Merrill
_c[1967]
300 _alxx, 663 p.
_c21 cm.
490 0 _aThe American heritage series, 34
504 _aBibliography: p. lxiii-lxv.
650 0 _aGreat Awakening.
_92100
651 0 _aUnited States
_xChurch history
_yTo 1775
_xSources.
_92101
700 1 _aMiller, Perry,
_d1905-1963
_ejoint comp.
_92102
906 _a7
_bcbc
_corignew
_du
_eocip
_f19
_gy-gencatlg
942 _2lcc
_cMONOGRAPH
999 _c118245
_d118245